[Event "Arco op 42nd"]
[Site "Arco"]
[Date "2020.10.11"]
[Round "2.36"]
[White "Bortolotti, Silvano"]
[Black "Di Chiara, Mauro"]
[Result "0-1"]
[WhiteElo "1702"]
[BlackElo "1880"]
[PlyCount "52"]
[EventDate "2020.10.10"]
[EventType "swiss"]
[EventRounds "9"]
[EventCountry "ITA"]
[SourceTitle "CBM 198 Extra"]
[Source "ChessBase"]
[SourceDate "2020.11.30"]
[SourceVersion "1"]
[SourceVersionDate "2020.11.30"]
[SourceQuality "1"]

1. e4 c5 2. Nc3 Nc6 3. f4 g6 4. Nf3 Bg7 5. Bb5 Nd4 6. Nxd4 cxd4 7. Ne2 Qb6 8. Bc4 e6 9. d3 Ne7 10. 0-0 f5 11. Kh1 0-0 12. Rb1 a5 13. a4 Qc5 14. e5 b6 15. Bd2 Bb7 16. Rf2 Nd5 17. Bxd5 Qxd5 18. c4 dxc3 19. Bxc3 Rfc8 20. Qd2 Bf8 21. d4 Qb3 22. Qd1 Qc4 23. Rc1 Qd5 24. Ng1 Bh6 25. h4 Bxf4 26. Bd2 Bg3 0-1

[Event "Arco op 41st"]
[Site "Arco"]
[Date "2019.10.12"]
[Round "9"]
[White "Blasco, Domenico"]
[Black "Bortolotti, Silvano"]
[Result "1-0"]
[WhiteElo "1873"]
[BlackElo "1703"]
[PlyCount "55"]
[EventDate "2019.10.04"]
[EventType "swiss"]
[EventRounds "9"]
[EventCountry "ITA"]
[SourceTitle "EXT 2021"]
[Source "ChessBase"]
[SourceDate "2020.10.23"]
[SourceVersion "1"]
[SourceVersionDate "2020.10.23"]
[SourceQuality "1"]

1. g3 b6 2. Bg2 Nc6 3. c4 Bb7 4. b3 e6 5. Nc3 Nf6 6. Bb2 Be7 7. d4 d5 8. cxd5 exd5 9. Nh3 Bb4 10. 0-0 Bxc3 11. Bxc3 Ne7 12. Nf4 0-0 13. Qc2 c6 14. Rfc1 Re8 15. Bb2 Bc8 16. Ba3 Bd7 17. Nd3 Ng6 18. Bb2 Rc8 19. b4 Ne4 20. Bxe4 dxe4 21. Ne5 Nxe5 22. dxe5 Qe7 23. Qxe4 f5 24. Qf4 g5 25. Qd4 c5 26. bxc5 bxc5 27. Qc3 Be6 28. Rd1 1-0

[Event "Verona-chT Serie C/8 51st"]
[Site "Verona"]
[Date "2019.03.15"]
[Round "1.4"]
[White "Schiavo, Marco"]
[Black "Bortolotti, Silvano"]
[Result "1-0"]
[WhiteElo "1410"]
[BlackElo "1770"]
[PlyCount "55"]
[EventDate "2019.03.15"]
[EventType "team-tourn"]
[EventRounds "5"]
[EventCountry "ITA"]
[SourceTitle "EXT 2022"]
[Source "ChessBase"]
[SourceDate "2021.10.06"]
[SourceVersion "1"]
[SourceVersionDate "2021.10.06"]
[SourceQuality "1"]
[WhiteTeam "Padova Micha Bishops"]
[BlackTeam "Gardolo Trento Nettuno"]
[WhiteTeamCountry "ITA"]
[BlackTeamCountry "ITA"]

1. e4 b6 2. d4 Bb7 3. Nc3 e6 4. a3 Nf6 5. Bg5 Be7 6. Bxf6 Bxf6 7. Nf3 d6 8. Bc4 Be7 9. 0-0 Ba6 10. Qd3 Bxc4 11. Qxc4 0-0 12. d5 Qd7 13. b4 Bf6 14. Rab1 Bxc3 15. Qxc3 e5 16. Qd3 f5 17. Nd2 fxe4 18. Nxe4 Qf5 19. f3 Nd7 20. Rbc1 Nf6 21. Nxf6+ Qxf6 22. c4 Qe7 23. c5 Rac8 24. Qa6 Qd8 25. Rfd1 Rf6 26. Rc3 dxc5 27. bxc5 bxc5 28. Qxa7 1-0

[Event "Arco op 36th"]
[Site "Arco"]
[Date "2014.10.11"]
[Round "8"]
[White "Bortolotti, Silvano"]
[Black "Dalla Vecchia, Paolo"]
[Result "0-1"]
[WhiteElo "1828"]
[BlackElo "1897"]
[PlyCount "60"]
[EventDate "2014.10.04"]
[EventType "swiss"]
[EventRounds "9"]
[EventCountry "ITA"]
[SourceTitle "EXT 2016"]
[Source "ChessBase"]
[SourceDate "2015.10.08"]
[SourceVersion "1"]
[SourceVersionDate "2015.10.08"]
[SourceQuality "1"]

1. e4 e6 2. d3 d5 3. Nd2 c5 4. a4 Nc6 5. Ngf3 Bd6 6. g3 Nge7 7. Bg2 Qc7 8. 0-0 0-0 9. Re1 Bd7 10. Qe2 f6 11. h4 Nb4 12. Nb1 d4 13. c3 Nbc6 14. Na3 e5 15. Nb5 Qb8 16. Nxd6 Qxd6 17. c4 Nb4 18. Nh2 a6 19. b3 Rfb8 20. Bf1 b5 21. a5 bxc4 22. bxc4 Nec6 23. f4 Qc7 24. f5 Kh8 25. h5 Be8 26. Qg4 Nc2 27. Re2 Nxa1 28. Nf3 Nb3 29. Bg5 fxg5 30. Nxg5 h6 0-1

[Event "Arco op 36th"]
[Site "Arco"]
[Date "2014.10.08"]
[Round "5"]
[White "Buglisi, Massimo"]
[Black "Bortolotti, Silvano"]
[Result "0-1"]
[WhiteElo "1923"]
[BlackElo "1828"]
[PlyCount "92"]
[EventDate "2014.10.04"]
[EventType "swiss"]
[EventRounds "9"]
[EventCountry "ITA"]
[SourceTitle "EXT 2016"]
[Source "ChessBase"]
[SourceDate "2015.10.08"]
[SourceVersion "1"]
[SourceVersionDate "2015.10.08"]
[SourceQuality "1"]

1. e4 e5 2. Nf3 Nc6 3. d4 exd4 4. Nxd4 Bc5 5. Nxc6 Qf6 6. Qf3 Qxf3 7. gxf3 dxc6 8. Bc4 Be6 9. Bxe6 fxe6 10. h4 g6 11. h5 Ne7 12. Be3 Bd6 13. Nd2 0-0-0 14. Ke2 e5 15. Rag1 Rhg8 16. Bg5 Rdf8 17. Nc4 Rf7 18. Rd1 gxh5 19. Rxh5 Rg6 20. Rdh1 Kd7 21. Bxe7 Rxe7 22. Rxh7 Rgg7 23. Rxg7 Rxg7 24. Ne3 c5 25. Nf5 Rf7 26. Rh6 b5 27. Rg6 Kc6 28. b3 c4 29. bxc4 bxc4 30. Rg7 Rxg7 31. Nxg7 Kb5 32. Nf5 Kb4 33. Nxd6 cxd6 34. Kd2 a5 35. a3+ Kxa3 36. Kc3 a4 37. Kxc4 Kb2 38. Kd5 Kxc2 39. Kxd6 a3 40. Kxe5 a2 41. f4 a1Q+ 42. Ke6 Qa6+ 43. Ke5 Qb5+ 44. Ke6 Qc6+ 45. Kf5 Kd3 46. e5 Qe4+ 0-1

[Event "Arco Pasqua op 1st"]
[Site "Arco"]
[Date "2014.04.08"]
[Round "3"]
[White "Bortolotti, Silvano"]
[Black "Dappiano, Andrea"]
[Result "0-1"]
[WhiteElo "1830"]
[BlackElo "2172"]
[PlyCount "117"]
[EventDate "2014.04.06"]
[EventType "swiss"]
[EventRounds "7"]
[EventCountry "ITA"]
[SourceTitle "CBM 160 Extra"]
[Source "ChessBase"]
[SourceDate "2014.07.01"]
[SourceVersion "1"]
[SourceVersionDate "2014.07.01"]
[SourceQuality "1"]

1. Nf3 d6 2. g3 e5 3. d3 f5 4. e4 Nf6 5. exf5 Bxf5 6. Nh4 Be6 7. Bg2 Nc6 8. 0-0 Be7 9. f4 0-0 10. f5 Bf7 11. c3 d5 12. h3 Nh5 13. Qg4 Bxh4 14. gxh4 Nf6 15. Qg3 Kh8 16. Bg5 h6 17. Bd2 Qd7 18. Na3 Rae8 19. Rad1 Bh5 20. Rde1 Re7 21. Nc2 Ref7 22. Ne3 e4 23. Ng4 exd3 24. Nxf6 Rxf6 25. Qxd3 Rxf5 26. Rxf5 Qxf5 27. Qg3 Qc2 28. Qe3 Re8 29. Qf2 Rxe1+ 30. Bxe1 Qxf2+ 31. Bxf2 Bf7 32. Bg3 Ne7 33. Bxc7 Nf5 34. Bd8 Kg8 35. Kf2 Kf8 36. Bc7 Nxh4 37. Bf1 Ke7 38. Bb8 a6 39. a4 Nf5 40. Bd3 Nd6 41. Ba7 g5 42. Be3 Be6 43. h4 gxh4 44. Bxh6 Kf6 45. a5 Bf5 46. Bf4 Ne4+ 47. Bxe4 dxe4 48. Ke3 Bg6 49. c4 Kf5 50. b4 Bf7 51. c5 Bc4 52. Bh2 h3 53. Kf2 Ke6 54. Ke3 Kd5 55. Kf4 Bd3 56. Bg1 Kc4 57. Kg3 Bf1 58. Kf4 Bg2 59. Kg3 0-1

[Event "ITA-ch Seniors 35th"]
[Site "Arco"]
[Date "2013.04.13"]
[Round "2"]
[White "Guaglianone, Mario"]
[Black "Bortolotti, Silvano"]
[Result "1-0"]
[WhiteElo "1986"]
[BlackElo "1778"]
[PlyCount "97"]
[EventDate "2013.04.12"]
[EventType "swiss"]
[EventRounds "9"]
[EventCountry "ITA"]
[SourceTitle "CBM 154 Extra"]
[Source "ChessBase"]
[SourceDate "2013.06.25"]
[SourceVersion "2"]
[SourceVersionDate "2013.06.25"]
[SourceQuality "1"]

1. Nf3 b6 2. d4 Bb7 3. Bf4 e6 4. Nbd2 Nf6 5. h3 c5 6. e3 Nc6 7. Be2 Be7 8. 0-0 0-0 9. c3 d5 10. Ne5 Nd7 11. Nd3 Nf6 12. Rc1 c4 13. Ne5 Nxe5 14. dxe5 Nd7 15. e4 b5 16. exd5 Bxd5 17. Bh2 Qb6 18. Bf3 Bxf3 19. Qxf3 f6 20. Qe2 fxe5 21. Bxe5 Bg5 22. Rcd1 Nxe5 23. Qxe5 Bxd2 24. Rxd2 Rf5 25. Qd6 Qxd6 26. Rxd6 Re8 27. Rfd1 Rf7 28. Re1 Rfe7 29. Re5 Rb8 30. Rdxe6 Rxe6 31. Rxe6 Kf7 32. Ra6 Rb7 33. Kf1 Re7 34. f3 Ke8 35. Kf2 Kd8 36. f4 Kc8 37. Rd6 Kc7 38. Rd2 a5 39. g4 Kc6 40. Kf3 Kc5 41. f5 h6 42. h4 b4 43. g5 h5 44. Kf4 Re1 45. f6 g6 46. Rf2 Kd6 47. Kf3 Re5 48. Rd2+ Ke6 49. Re2 1-0

[Event "Arco op 32nd"]
[Site "Arco"]
[Date "2010.10.19"]
[Round "4"]
[White "Bortolotti, Silvano"]
[Black "Borries, Barbara"]
[Result "1/2-1/2"]
[WhiteElo "1778"]
[BlackElo "1904"]
[PlyCount "93"]
[EventDate "2010.10.16"]
[EventType "swiss"]
[EventRounds "9"]
[EventCountry "ITA"]
[SourceTitle "EXT 2024"]
[Source "ChessBase"]
[SourceDate "2023.10.10"]
[SourceVersion "1"]
[SourceVersionDate "2023.10.10"]
[SourceQuality "1"]

1. e4 e6 2. d4 d5 3. Nc3 Bb4 4. e5 Ne7 5. f4 c5 6. Bd2 a6 7. a3 Bxc3 8. bxc3 cxd4 9. cxd4 Nbc6 10. Nf3 0-0 11. Bd3 Bd7 12. Bxh7+ Kh8 13. Bd3 g6 14. c3 Kg7 15. f5 exf5 16. Bg5 Rg8 17. 0-0 Rc8 18. Bf6+ Kf8 19. Qd2 Be6 20. Ng5 Ke8 21. Nh7 Qa5 22. Rab1 b5 23. Bxe7 Kxe7 24. Qg5+ Kd7 25. Nf6+ Kc7 26. Nxg8 Rxg8 27. Qc1 Rc8 28. Qb2 Kd7 29. Qb3 Qb6 30. a4 Nxe5 31. Be2 Nc4 32. Bxc4 Rxc4 33. axb5 axb5 34. Qxb5+ Qxb5 35. Rxb5 Rxc3 36. Rd1 Ke7 37. Rc5 Ra3 38. Rd2 g5 39. g3 Kf6 40. Rc1 g4 41. Rf1 Kg5 42. Kg2 Bd7 43. Rf4 Bb5 44. Rdf2 Bd3 45. Rd2 Be4+ 46. Kg1 Ra1+ 47. Rf1 1/2-1/2

[Event "Arco op 30th"]
[Site "Arco"]
[Date "2008.10.23"]
[Round "6"]
[White "Thonig, Manfred"]
[Black "Bortolotti, Silvano"]
[Result "1/2-1/2"]
[WhiteElo "1709"]
[BlackElo "1826"]
[PlyCount "117"]
[EventDate "2008.10.18"]
[EventType "swiss"]
[EventRounds "9"]
[EventCountry "ITA"]
[SourceTitle "CBM 127 Extra"]
[Source "ChessBase"]
[SourceDate "2009.01.08"]
[SourceVersion "2"]
[SourceVersionDate "2009.01.28"]
[SourceQuality "1"]

1. f4 d5 2. Nf3 Nc6 3. d4 Nf6 4. e3 a6 5. a3 e6 6. Bd3 Na5 7. 0-0 b6 8. Nbd2 Nb7 9. b4 b5 10. Ne5 Nd6 11. Bb2 Bb7 12. c3 Nc4 13. Ndxc4 dxc4 14. Bc2 Ne4 15. a4 Qd5 16. Qe2 Be7 17. axb5 axb5 18. Rxa8+ Bxa8 19. f5 0-0 20. fxe6 fxe6 21. Rxf8+ Bxf8 22. Qh5 g6 23. Qf3 Nf6 24. e4 Qd8 25. Bc1 Bg7 26. Bg5 Qf8 27. Qh3 Qe8 28. Qh4 Qf8 29. Qh3 Qe8 30. Qh4 Qf8 31. Qe1 Bb7 32. Qe2 Qa8 33. Bxf6 Bxf6 34. Nd7 Qa1+ 35. Qf1 Bxd4+ 36. cxd4 Qxd4+ 37. Qf2 Qxd7 38. e5 Qd5 39. Qe2 Qd4+ 40. Kh1 Bd5 41. h3 Qf4 42. Kg1 c6 43. Qe1 Qd4+ 44. Kh2 c3 45. Qg3 Qd2 46. Bxg6 Qxg2+ 47. Qxg2 Bxg2 48. Bc2 Bd5 49. Kg3 Kg7 50. Kf4 Kh6 51. Ke3 Kg5 52. Bxh7 Kh4 53. Kd4 Kxh3 54. Kxc3 Kg4 55. Kd4 Kf4 56. Bg6 Bc4 57. Be8 Bd5 58. Bg6 Kg5 59. Bh7 1/2-1/2